Регионална библиотека "Любен Каравелов" - Русе

Ечемикът в България (Запис номер 185529)

MARC детайли
000 -Лидер
Контролно поле с фиксирана дължина 01997nam a2200313 c 4500
003 - Код на организацията, давaща контролен номер
Контролно поле BLK
005 - Дата и час на последна редакция
Контролно поле 20180422115422.0
008 - Елементи от данни с фиксирана дължина
fixed length control field 180411b bul|||||r ||||||| ||bul||
010 ## - Наследен системен номер
LC control number KNG00194523000
040 ## - Източник на каталожния запис
Идентификатор на билиотеката - собственик на записа BLK
041 ## - Код за език
Код за езика на текст/звукозапис или на отделно заглавие Български
Код за езика КДБФ Български
080 ## - УДК
Текстов определител УДК Житни растения. Зърнени култури
УДК код - определител по УДК 633.1
УДК определител
УДК - код + определител 633.1
100 1# - Редна дума - Автор
Автор Стефанов, Тодор Г.
Авторска отговорност първи автор
R(LIN) 343839
139 ## - Редно поле
Редна дума Ечемикът в България
Авторски знак Ех - Е 98
245 10 - Сведения за заглавието
Заглавие Ечемикът в България
Подзаглавни данни Изследване
Редно поле (дума) Тодор Г. Стефанов; под ред. на Тодор Г. Стефанов; под ред. на Христо Пеев.
257 ## - Страна на издаване
Страна на създаване/издаване България
260 ## - Област на издателските данни
-- София
Име на издателя, разпространителя и проч. Земиздат
Година на издаване 1986
Печатница Хасково : Ат. Стратиев
300 ## - Физическа характеристика
Страници 256 с.
Илюстрации и др. с ил., табл., диагр.
Размери/Мащаб 25 см
380 ## - Жанр
Жанр Селско стопанство
500 ## - Общи забележки
Забележка Други авт. : Х. Пеев, Б. Граматиков, С. Запрянов, Т. Брешков, П. Вълчанов, Х. Горастев, Д. Драганов, Н. Лазаров, П. Пенчев, Х. Николов, К. Гечев, М. Граматикова, Н. Мерсинков, Я. Енчев, И. Тодоров, В. Хараланов, Й. Бургазова, А. Василев, П. Жеков, С. Станков, С. Станчев, С. Димов, Р. Раднев, И. Михов, Г. Господинов, С. Навущанов, Г. Тренчев, П. Пеев, отбелязани на гърба на загл. с. - Пълното име на авт. И. Михов е Иван Михов Ярмов. - 1 300 тир.
650 #4 - Допълнително описание по предмет – тема
Основно описание – тема или топоним Ечемик - агротехника
9 (RLIN) 303613
700 1# - Други автори (авторска отговорност)
Лично име Стефанов, Тодор Г.
Автороска отговорност (Описва отношението между автора и произведението) под ред. на
9 (RLIN) 384284
700 1# - Други автори (авторска отговорност)
Лично име Пеев, Христо
Автороска отговорност (Описва отношението между автора и произведението) под ред. на
9 (RLIN) 376251
852 ## - Местоположение
Форматна сигнатура Цб 141989
856 4# - Електронен адрес и достъп
Електронен формат pdf - файл
Път до файла /url/
856 4# - Електронен адрес и достъп
Електронен формат pdf - файл
Път до файла /url/
942 ## - АРТИКУЛИ
Вид на библиотечния материал Книги
Скрит в OPAC Не
944 ## - СЪЗДАВАНЕ И РЕДАКЦИЯ на ЗАПИСА
Създаване/Редакция Създаване
Дата на регистрацията/редакция 26.10.2016
Служител, извършил регистрацията/редакцията Кина_Георгиева
944 ## - СЪЗДАВАНЕ И РЕДАКЦИЯ на ЗАПИСА
Създаване/Редакция Редакция
Дата на регистрацията/редакция 26.10.2016
Служител, извършил регистрацията/редакцията Кина_Георгиева
999 ## - СИСТЕМНИ КОНТРОЛНИ НОМЕРА
Koha biblionumber 185529
Koha biblioitemnumber 185529
Наличности
Код за отписване Код за изгубен артикул Източник на класификационната схема Код за повреда Коз за рестрикции Код за отдаване Артикулен № Име на библиотеката - собственик Име на библиотеката, в която се намира в момента Статус (Текущо местоположение) Дата на вписване в системата Местоположение - отдел Цена в лева Инвентарен номер Систематично азбучна сигнатура Баркод Номер на екземпляра Цена в евро Служебна бележка Служебен тип на артикула
  Не е изгубен Universal Decimal Classification Не е повреден само за читалня ползва се в читалня 321704 Регионална библиотека "Любен Каравелов" Русе Регионална библиотека "Любен Каравелов" Русе Хранилище 1986-01-01 Хранилище 3.49 450835 Цб 141989 120000450835 1 1.78 N: стар фонд Дата: 01.01.1986 Книги
Изтеглен Не е изгубен Universal Decimal Classification Не е повреден без рестрикции заемане за дома 321705 Регионална библиотека "Любен Каравелов" Русе Регионална библиотека "Любен Каравелов" Русе Заемна - подръчен фонд 1986-01-01 Заемна - подръчен фонд 3.49 451896 П 633.1/Е 98 451896 2 1.78 N: стар фонд Дата: 01.01.1986 Книги
Vip Innovations Ltd, Rousse, Bulgaria 2025